| 000 | 00555nam a2200181 a 4500 | ||
|---|---|---|---|
| 001 | 7261 | ||
| 003 | CO-ViMGA | ||
| 008 | 141112s2004 ck r 000 u spa d | ||
| 040 |
_aCO-ViMGA _bspa _cCO-ViMGA |
||
| 082 | 0 | 4 | _aMEVIECAR.64 S354i |
| 100 | 1 |
_aSeminario EDI'90 Buenos Aires _96433 |
|
| 245 | 1 | 0 | _aIntercambio electrónico de datos, aspectos tecnicos y jurÃdicos |
| 260 |
_aBuenos Aires : _bDAT, _c1990 |
||
| 300 | _a118 p | ||
| 590 | _aDatos de inventario : 05674 | ||
| 650 | 1 | 4 |
_aCOMUNICACION ELECTRONICA - ASPECTOS LEGALES _96434 |
| 942 |
_2ddc _cBK |
||
| 999 |
_c19220 _d19220 |
||